Представление документа в формате RUSMARC

ПолеНазваниеЗначение
  Тип записи a
  Библиографический уровень m
001 Контрольный номер RU/SLIB/B/208744861
005 Дата корректировки 20241121143009.1
010 Индекс ISBN __
d Цена 0-70
101 Язык документа 0_
a Язык текста rus
200 Заглавие и сведения об ответственности 1_
a Заглавие Устройство и ремонт воздушных линий электропередачи
e Сведения, относящиеся к заглавию учебник
f Первые сведения об ответственности Зеличенко А. С., Смирнов Б. И.
b Общее обозначение материала Текст
205 Сведения об издании __
a Основные сведения об издании 4-е изд., перераб. и доп.
210 Выходные данные 1_
a Место издания М.
c Издательство Высш. шк.
d Дата издания 1981
215 Физическое описание __
a Объем 264 с.
c Иллюстрации/тип воспроизводства ил.
225 Серия 2_
a Серия Профтехобразование
i Наименование части Энергетика
606 Тематические рубрики __
a Основная рубрика Энергетика
606 Тематические рубрики __
a Основная рубрика Линии электропередачи и электрические сети
610 Ключевые слова 0_
a Ключевые слова линии электропередачи; устройство линий электропередачи; ремонт линий электропередачи; электроэнергетика; воздушные линии электропередачи
686 Индексы других классификаций __
a Классификационный индекс 31.279-08я722; ст31.2я7
700 Автор _1
a Фамилия Зеличенко
b Имя А. С.
4 Код отношения 070
702 Вторичная интеллектуальная ответственность _1
a Фамилия Смирнов
b Имя Б. И.
4 Код отношения Автор
801 Источник записи _0
a Страна RU
b Организация Муниципальное бюджетное учреждение культуры "Централизованная библиотечная система" г. Сургут (Центральная городская библиотека им. А. С. Пушкина)
g Правила каталогизации КиК/Уланова
801 Источник записи _1
a Страна RU
b Организация Муниципальное бюджетное учреждение культуры "Централизованная библиотечная система" г. Сургут (Центральная городская библиотека им. А. С. Пушкина)
g Правила каталогизации КиК/Уланова
852 Данные о местонахождении __
j Шифр хранения 31.279-08я722
c Каталожный индекс 31.279-08я722
i Авторский знак З-49
p Инвентарный номер 7393
901 Тип документа __
t Тип документа m
969 Тип издания __
a Тип издания учебник
990 Данные о заказе (DOS) __
j Количество экземпляров (DOS) 4
t N записи в КСУ для И/У (DOS) 199101